000 00692nam a2200289Ia 4500
005 20260324120747.0
008 008 260324s9999 xx 000 0 eng d
020 _a9781315766225
037 _aEBOOK
040 _aCRL
040 _beng
040 _cCRL
041 _2eng
041 _aeng
084 _qCRL
100 _aGalia Golan
_91069038
245 0 _aIsraeli Peacemaking Since 1967
245 0 _bFactors Behind the Breakthroughs and Failures
260 _bTaylor and Francis
260 _c2014
365 _a
365 _b265
856 _uhttp://www.taylorfrancis.com/books/9781315766225
942 _cEBOOK
999 _c1751554
_d1751554